Statistics for How to train your dragon places

Click here to take the quiz!

General Stats

  • This quiz has been taken 127 times
  • The average score is 8 of 15

Answer Stats

HintAnswer% Correct
Main island in the movieBerk
100%
Home of Alvin the treacherousOutcast island
71%
Where the dragon riders liveDragons edge
67%
Home of Heather and dagurBerserker island
66%
Where Atali livesWingmaiden island
64%
Home of the groncklesDark deep
55%
Home of the dragons that go invisibleChangewing island
53%
Final resting place of dragonsVanaheim
47%
Where mala and throk liveDefenders of the wing island
46%
Island where eels liveEel island
45%
Home of the dragon that can use any dragon fireDramillion island
40%
Home of smothering smoke breathsBreakneck bog
39%
Island not far from BerkDragon island
31%
Home of the snowwraithGlacier island
31%
Island sunk by screaming deathBoarhead island
7%

Score Distribution

Percentile by Number Answered

Percent of People with Each Score

Your Score History

You have not taken this quiz